000
00275nam a22001217a 4500
008
170802b xxu||||| |||| 00| 0 eng d
041
_a
eng
080
_a
004
100
_a
32
101
_a
SHKI
245
_a
ANALYSE TECHNISCHER SYSTEME
_c
MACFARLANE, A.G.J
942
_2
udc
_c
BK
999
_c
22575
_d
22575